000 00389 a2200145 4500
999 _c2541
_d2541
020 _a0958427321
050 _aHC 900 DES 2002
100 _ade Satge, Rick
245 _aLearning about livelihoods
_binsights from southern Africa /
_cRick de Satge
264 _aOxford
_bOxfam
_c2002
300 _a357p.
500 _aincludes index
650 _aLivelihoods
942 _2lcc
_cBK
_h900
_iDES
_kHC